000 004870000a22001690004500
020 _a0-311-03654-6
041 0 _aESP
082 0 4 _aG 221.95 R9611p
100 1 _aRussell, D. S. (David Syme) (1916-)
245 1 0 _aEl período intertestamentario / D. S. Russell ; Javier José Marín, Traductor
250 _a6
260 _aEl Paso, TX. : Casa Bautista de Publicaciones
300 _a176 Pág.
500 _aTítulo original : Between the Testaments
001 14181
942 _cBK
999 _c43083
_d43083